01005 2200325 4500001002100000005001500021035002000036007000300056008004100059020002200100040002200122082001500144084001700159090002200176100002900198245009600227250003400323300004600357650001900403700002600422700003000448850001200478504002900490264004200519336002100561337003000582338002300612999002200635990002200657INLIS00000000089553320250428122647 a0010-0425000782ta250428s2025 yoia g ind d a978-634-7106-06-3 aYOPDYOGbinderda04223a657.42 a657.42 IKA b aCB-D.11 2025-04810 aIka WulandariePengarang10aBuku ajar pengantar akuntansi biaya /cIka Wulandari, Yenny Wati; penyunting, Bakti Setyadi aCetakan pertama, Januari 2025 aiv, 236 halaman :bgambar, tabel ;c23 cm 4aAkuntasi biaya0 aYenny WatiePengarang0 aBakti SetyadiePenyunting aYOPDYOG aBibliografi: halaman 23631aBantul :bMitra Edukasi Negeri,c2025 2rdacontentateks 2rdamediaatanpa perantara 2rdacarrieravolume aCB-D.11/2025-0481 aCB-D.11/2025-0481